Mortgage Banking

Detalles Bibliográficos
Formato: eBook
Lenguaje:inglés
Materias:
Acceso en línea:Acceso restringido

MARC

LEADER 00000nam a22000007a 4500
005 2015110907477.0
007 cr|||| ||u|
008 151109s19902015-usm||pos|||| 0|||a1eng d
022 |a 0730-0212  
035 |a 2836 
040 |a vLex 
090 |c 5675  |d 5675 
245 1 0 |a Mortgage Banking  |h [Recurso electrn̤ico /  |c Mortgage Bankers Association of America  
256 |a Servicio en ln̕ea 
300 |a 1 recurso electrn̤ico  
310 |a Mensual 
500 |a Since 1939, Mortgage Banking magazine has been, and remains, the leader in real estate finance journalism. Mortgage Banking serves one fundamental purpose: to provide in-depth coverage of the real estate finance industry. Readers get the best analysis of the most important issues and trends affecting this ever-changing industry. The magazine also examines the leading players and companies and what makes them successful. This magazine is not written by rookie journalists new to the industry and struggling to cover events they don't understand. Our editorial is written by leading industry CEOs and veteran mortgage journalists who have been on the beat long enough to truly understand it. We do not merely give you "who, what, where and when" editorial. Mortgage Banking makes sense of the news, because our authors have the experience to tell you what the news means for your business. Last year we followed leading stories such as predatory lending, GSE reform, housing price trends and the recent boom in innovative mortgage products. This is why, each month, real estate finance industry leaders depend on Mortgage Banking's superb editorial content, industry news coverage, strategic information, exclusive research and lively executive profiles to help them succeed. Whether you are a veteran or just starting out in the business, this magazine is a must-have resource. 
506 1 |a Contenido solo disponible en los productos indicados  |d vLex Global  |d vLex Global (Academic Edition, excluding Law Schools)  |d vLex Global (U.S. Academic Edition, Law Schools)  |d vLex Global (U.S. Academic Edition, excluding Law Schools)  |d vLex Global (Academic Edition, Law Schools) 
650 0 4 |a Negocios   |z Estados Unidos  
740 0 |a vLex revista (servicio en ln̕ea)  
856 4 0 |u http://vlex.com/source/mortgage-banking-2836  |z Acceso restringido  
942 |c REV 
999 0 |a Business